| 000 | 00704nam a2200229Ia 4500 | ||
|---|---|---|---|
| 008 | 160319s9999 xx 000 0 und d | ||
| 245 | 4 | _aThe Crusades: Crescent & The Cross 1 | |
| 260 | _bDolby Digital | ||
| 260 | _cNA | ||
| 300 | _a1 videodisc approximately 90 minutes, disc 1 ; | ||
| 300 | _bsound, color ; | ||
| 300 | _c4 3/4 in. | ||
| 500 | _aDVD features : Interactive menus. Scene selection. | ||
| 650 | _aChurch history -- Middle Ages, 600-1500. | ||
| 650 | _aCivilization, Medieval. | ||
| 650 | _aCrusades. | ||
| 650 | _aIslamic Empire -- | ||
| 650 | _aMiddle East -- | ||
| 650 | _xHistory -- 750-1258. | ||
| 650 | _xHistory. | ||
| 700 | _aLion Television (Firm), Corporate. | ||
| 999 |
_c292457 _d292457 |
||